000 01294nam a2200349 a 4500
001 000108942
003 CHAP
005 20220329144031.0
008 140324s2013 mx | |sm |||||||spa|d
010 _a105404
011 _a106376
040 _cCHAP
090 _aTesis
100 1 _aArgueta Amador, Alfredo
_9126030
245 1 0 _aOptimización de costos de transporte para la distribución de jitomate (Lycopersicum esculentum) en México (2009-9011)
_h[En línea]
_cpor Alfredo Argueta Amador.
260 _aChapingo, Méx. :
_bEl autor,
_c2013.
500 _aPara ver el contenido del material haga clic en la liga
502 _aTesis (Ph.D. en Economía Agrícola) -- UACH. División de Ciencias Económico Administrativas
590 _aBATCH-UPD
_b05
_c20140324
_lUCH01
_h1537
590 _aBATCH-UPD
_b05
_c20141002
_lUCH01
_h0858
590 _aBATCH
_b00
_c20181121
_lUCH01
_h0758
590 _aE792CSJ
_b05
_c20140324
_lUCH01
_h0949
590 _aE792CSJ
_b05
_c20140324
_lUCH01
_h0950
650 1 4 _aTomate
_xAspectos económicos.
_9113681
650 1 4 _aTomate
_xMercadeo.
_9113738
650 1 4 _aTomate
_xTransporte.
_9113774
856 _a1
_n0000512
856 _aFinding aid
_uhttp://10.13.5.2/tesis/sist108942.pdf
_zTeclea aquí
901 _aBK
942 _cTESIS
942 _n0
999 _c105404
_d105404